|
|
|
|
| LEADER |
00000cam a2200000 7i4500 |
| 001 |
0000000626 |
| 005 |
20000914.0 |
| 020 |
0 |
0 |
|a 0136809847
|
| 090 |
0 |
0 |
|a 631.53
|b HAR 1983
|
| 100 |
1 |
0 |
|a HARTMANN
|h Hudson Thomas
|c 1914-
|
| 245 |
1 |
0 |
|a Plant propagation :
|b Principles and practices
|c Hudson T. Hartmann, Dale E. Kester
|
| 250 |
0 |
0 |
|a 4th ed.
|
| 260 |
0 |
0 |
|a Englewood Cliffs, N.J. :
|b Prentice-Hall ,
|c 1983
|
| 300 |
|
|
|a viii, 727 p. :
|b ill. ;
|c 25 cm.
|
| 500 |
0 |
0 |
|a Includes bibliographies and index
|
| 650 |
0 |
0 |
|a Plant propagation
|
| 700 |
0 |
1 |
|a Kester
|h Dale E.
|
| 999 |
|
|
|a 0000001681
|b Monograph
|c Open Shelf
|e Default branch
|